The lectures of Samuel Bird of Ipswidge vpon the 8. and 9. chapters of the second Epistle to the Corinthians

Bibliographic Details
Main Author: Bird, Samuel, d. 1604
Format: eBook
Language:English
Published: [Cambridge] : Printed by Iohn Legate, Printer to the Vniversitie of Cambridge, 1598.
Series:Early English books online.
Subjects:
Online Access:Connect to the full text of this electronic book

MARC

Tag First Indicator Second Indicator Subfields
LEADER 00000nam a2200000 4500
001 in00004219087
005 20200807082348.0
006 m g d
007 cr bn |||a|bb|
008 920901s1598 enk o 00| | eng d
035 |a (UnM)99855477 
037 |a CL0036000013  |b ProQuest. 789 E. Eisenhower Parkway, Ann Arbor, MI 48108-3218 
040 |a Cu-RivES  |c Cu-RivES  |d CStRLIN  |e dcrb  |d WaOLN 
100 1 |a Bird, Samuel,  |d d. 1604. 
245 0 4 |a The lectures of Samuel Bird of Ipswidge vpon the 8. and 9. chapters of the second Epistle to the Corinthians 
246 2 |a Lectures of Samuel Bird of Ipswidge upon the 8. and 9. chapters of the second Epistle to the Corinthians 
246 2 |a Lectures of Samuel Bird of Ipswidge upon the 8. and 9. chapters of the second Epistle to the Corinthians. 
260 |a [Cambridge] :  |b Printed by Iohn Legate, Printer to the Vniversitie of Cambridge,  |c 1598. 
300 |a 1 online resource ([112] pages) 
336 |a text  |b txt  |2 rdacontent 
337 |a computer  |b c  |2 rdamedia 
338 |a online resource  |b cr  |2 rdacarrier 
500 |a Place of publication from STC. 
500 |a Signatures: A-G. 
500 |a Imperfect; trimmed at top, affecting pagination. 
500 |a Reproduction of the original in the British Library. 
510 4 |a STC (2nd edition)  |c 3087. 
533 |a Electronic reproduction.  |b Ann Arbor, Mich. :  |c UMI,  |d 1999-  |f (Early English books online)  |n Digital version of: (Early English books, 1475-1640 ; 411:07)  |7 s1999 miun s 
630 0 4 |a Bible.  |p N.T.  |p Corinthians, 2nd  |x Commentaries  |v Early works to 1800. 
830 0 |a Early English books online. 
856 4 0 |u http://proxy.library.tamu.edu/login?url=https://search.proquest.com/docview/2240939837  |z Connect to the full text of this electronic book  |t 0 
999 f f |s 0119b4ec-b21a-3a8a-9e7b-00e730be44e2  |i 510b8162-2d18-30a2-b64b-bca752becd7c  |t 0 
952 f f |a Texas A&M University  |b College Station  |c Electronic Resources  |d Available Online  |t 0  |h No information provided 
998 f f |t 0  |l Available Online